000 00784nam a2200265Ia 4500
003 OSt
005 20220918221609.0
006 a|||||r|||| 00| 0
007 ta
008 220917b |||||||| |||| 00| 0 eng d
024 _a202,050
037 _cTextual
040 _aARTS
_cARTS
_beng
041 _2eng
_aeng
082 _aP:795, P1
100 _aGambier Yves Ed.
_9140874
245 0 _aMulti media translation
_b Concepts, practice and research
260 _aAmesterdam
_bJohn benjamins publishing co.
_c2001
300 _axx, 298 p
_ccm.
490 _aBenjamins translation library
650 _aLINGUISTICS
700 _a Gottlieb Henrik Ed.
_9140875
942 _hP:795, P1
_cTEXL
_2CC
999 _c273001
_d273001